Classroom instruction that works : (Record no. 145371)
[ view plain ]
| 000 -LEADER | |
|---|---|
| fixed length control field | 01638cam a2200397 a 4500 |
| 001 - CONTROL NUMBER | |
| control field | vtls003257969 |
| 003 - CONTROL NUMBER IDENTIFIER | |
| control field | MY-SjTCS |
| 005 - DATE AND TIME OF LATEST TRANSACTION | |
| control field | 20200226115233.0 |
| 008 - FIXED-LENGTH DATA ELEMENTS--GENERAL INFORMATION | |
| fixed length control field | 141111t20122012coua b 001 0 eng d |
| 020 ## - INTERNATIONAL STANDARD BOOK NUMBER | |
| International Standard Book Number | 9780133366723 (paperback) |
| 020 ## - INTERNATIONAL STANDARD BOOK NUMBER | |
| International Standard Book Number | 0133366723 (paperback) |
| 039 #9 - LEVEL OF BIBLIOGRAPHIC CONTROL AND CODING DETAIL [OBSOLETE] | |
| Level of rules in bibliographic description | 201809071345 |
| Level of effort used to assign nonsubject heading access points | VLOAD |
| Level of effort used to assign subject headings | 201411261012 |
| Level of effort used to assign classification | shuhada |
| Level of effort used to assign subject headings | 201411251334 |
| Level of effort used to assign classification | aishah_siti |
| Level of effort used to assign subject headings | 201411111413 |
| Level of effort used to assign classification | aishah_siti |
| -- | 201411111411 |
| -- | aishah_siti |
| 040 ## - CATALOGING SOURCE | |
| Description conventions | rda |
| 043 ## - GEOGRAPHIC AREA CODE | |
| Geographic area code | n-us--- |
| 082 04 - DEWEY DECIMAL CLASSIFICATION NUMBER | |
| Classification number | 371.102 |
| Item number | DEA 2012 |
| 100 1# - MAIN ENTRY--PERSONAL NAME | |
| Personal name | Dean, Ceri B. |
| 9 (RLIN) | 67816 |
| 245 10 - TITLE STATEMENT | |
| Title | Classroom instruction that works : |
| Remainder of title | research-based strategies for increasing student achievement / |
| Statement of responsibility, etc. | Ceri B. Dean, Elizabeth Ross Hubbell, Howard Pitler, Bj Stone. |
| 250 ## - EDITION STATEMENT | |
| Edition statement | 2nd edition. |
| 264 #1 - PRODUCTION, PUBLICATION, DISTRIBUTION, MANUFACTURE, AND COPYRIGHT NOTICE | |
| Place of production, publication, distribution, manufacture | Danvers, MA : |
| Name of producer, publisher, distributor, manufacturer | Pearson Education, Inc. by arrangement with ASCD, |
| Date of production, publication, distribution, manufacture, or copyright notice | [2012] |
| 264 #4 - PRODUCTION, PUBLICATION, DISTRIBUTION, MANUFACTURE, AND COPYRIGHT NOTICE | |
| Date of production, publication, distribution, manufacture, or copyright notice | ©2012 |
| 300 ## - PHYSICAL DESCRIPTION | |
| Extent | xx, 188 pages : |
| Other physical details | illustrations ; |
| Dimensions | 26 cm |
| 336 ## - CONTENT TYPE | |
| Content type term | text |
| Source | rdacontent |
| 337 ## - MEDIA TYPE | |
| Media type term | unmediated |
| Source | rdamedia |
| 338 ## - CARRIER TYPE | |
| Carrier type term | volume |
| Source | rdacarrier |
| 490 1# - SERIES STATEMENT | |
| Series statement | Merrill education/ASCD college textbook series |
| 500 ## - GENERAL NOTE | |
| General note | Previous edition cataloged under Marzano, Robert J. |
| 504 ## - BIBLIOGRAPHY, ETC. NOTE | |
| Bibliography, etc. note | Includes bibliographical references (p. 171-182) and index. |
| 650 #0 - SUBJECT ADDED ENTRY--TOPICAL TERM | |
| Topical term or geographic name entry element | Effective teaching |
| Geographic subdivision | United States. |
| 9 (RLIN) | 23499 |
| 650 #0 - SUBJECT ADDED ENTRY--TOPICAL TERM | |
| Topical term or geographic name entry element | Academic achievement |
| Geographic subdivision | United States |
| Form subdivision | Statistics. |
| 9 (RLIN) | 23500 |
| 700 1# - ADDED ENTRY--PERSONAL NAME | |
| Personal name | Hubbell, Elizabeth Ross. |
| 9 (RLIN) | 69820 |
| 700 1# - ADDED ENTRY--PERSONAL NAME | |
| Personal name | Pitler, Howard, |
| Dates associated with a name | 1952- |
| 9 (RLIN) | 69819 |
| 700 1# - ADDED ENTRY--PERSONAL NAME | |
| Personal name | Stone, BJ. |
| 9 (RLIN) | 72216 |
| 700 1# - ADDED ENTRY--PERSONAL NAME | |
| Personal name | Marzano, Robert J. |
| Title of a work | Classroom instruction that works. |
| 830 #0 - SERIES ADDED ENTRY--UNIFORM TITLE | |
| Uniform title | Merrill education/ASCD college textbook series. |
| 9 (RLIN) | 48711 |
| 920 ## - Programme | |
| Programme | EDU : 214933 |
| Withdrawn status | Lost status | Source of classification or shelving scheme | Damaged status | Not for loan | Home library | Current library | Date acquired | Cost, normal purchase price | Total Checkouts | Barcode | Date last seen | Copy number | Uniform Resource Identifier | Cost, replacement price | Koha item type | Public note |
|---|---|---|---|---|---|---|---|---|---|---|---|---|---|---|---|---|
| Dewey Decimal Classification | Taylor's Library-TU | Taylor's Library-TU | 21/11/2014 | 219.00 | 5000160514 | 05/12/2019 | 1 | Floor 4, Shelf 11 , Side 1, TierNo 5, BayNo 2 | 219.00 | Main Collection | SOEDx,39000,03,RA|SOEDx,38000,03,RA |